|
|
แสดงรายละเอียดบรรณานุกรม |
|
|
Brief Record
: Get Marc (ISO 2709)
: E-mail record
: |
| LEADER 00000nama 2200000uu 4500 | |||
| 001 180312 | |||
| 003 ULIBM | |||
| 008 040531s1962 th m m a000 0 tha d | |||
| 041 eng | |||
| 050 WA105 T468 | |||
| 100 Thompson, La Verne Ruth | |||
| 245 Microbiology and epidemiology / La Verne Ruth Thompson 001 | |||
| 260 Philadelphia Saunders 1962 | |||
| 300 636 p. | |||
| 650 Microbiology Epidemiology | |||
| 998 1999-04-26 | |||
| คุณยังไม่ได้ล็อกอิน คุณสามารถมีกิจกรรมร่วมกับเว็บไซต์ได้ แต่ต้องล็อกอินก่อน :: |
|
| สถานะ | |||||||||
| 1. | หนังสือทั่วไป สถานะ=อยู่บนชั้นแสดงหนังสือ | WA105 T468 1962 | On Shelf ขอยืม | ||||||
| [แสดง 1/1 รายการ] | |||||||||
BibComment |
| คอมเมนท์ทรัพยากรรายการนี้ |
|
|